[Event "Barcelona Sants op 06th"]
[Site "Barcelona"]
[Date "2004.08.28"]
[Round "1"]
[White "Rebollo Peralta, Sergi"]
[Black "Stocek, Jiri"]
[Result "0-1"]
[WhiteElo "2031"]
[BlackElo "2557"]
[PlyCount "42"]
[EventDate "2004.08.28"]
[EventType "swiss"]
[EventRounds "10"]
[EventCountry "ESP"]
[SourceTitle "CBM 102 Extra"]
[Source "ChessBase"]
[SourceDate "2004.11.03"]
[SourceVersion "1"]
[SourceVersionDate "2004.11.03"]
[SourceQuality "1"]

1. d4 Nf6 2. c4 e6 3. Nc3 Bb4 4. Nf3 c5 5. e3 Nc6 6. Bd2 cxd4 7. exd4 0-0 8. Bd3 d5 9. a3 Bxc3 10. bxc3 Ne4 11. 0-0 Nxd2 12. Qxd2 dxc4 13. Bxc4 b6 14. Rfe1 Bb7 15. Qd3 Rc8 16. Re3 g6 17. Rae1 Ne7 18. Ba2 Nf5 19. Re5 Qc7 20. c4 Bxf3 21. gxf3 Rfd8 0-1